• 首页
  • 本馆介绍
  • 公告通知
  • 最新文献
  • 馆藏检索
  • 电子资源
  • 读者导购
  • 参考咨询
  • 我的图书馆
  • 登录
  • 详细信息显示
  • 放入我的书架
  • 预约/预借图书
  • 作者相关作品
  • 分类相关作品
  • 丛书相关作品
  • 出版社相关作品

书目信息

  • 表格格式
  • 工作单格式
  • 卡片格式
题名:
英语教育心理学
    
 
作者: 章兼中 , 俞红珍 著
分册:  
出版信息: 北京   警官教育出版社  1998.08
页数: 216页
开本: 32开
丛书名: 教育心理学丛书
单 册:
中图分类: G447
科图分类:
主题词: 教育心理学
电子资源:
ISBN: 7-81027-975-0
000 00597nam0 2200217 45
001 0010301655
005 20220927165431.43
010    @a7-81027-975-0@dCNY9.50
100    @a20001030d1998 km y0chiy0120 ea
101 0  @achi
200 1  @a英语教育心理学@f章兼中,俞红珍著@FZhang Jian Zhong,Yu Hong Zhen Zhu
210    @a北京@c警官教育出版社@d1998.08
215    @a216页@d32开
225    @a教育心理学丛书
410    @12001 @a教育心理学丛书
606 0  @a教育心理学
690    @aG447@v3
701  0 @a章兼中@4著
701  0 @a俞红珍@4著
801    @aCN@bTSTC@c20001030
905    @b292240-244@dG447@e75@f5
    
    英语教育心理学/章兼中,俞红珍著.-北京:警官教育出版社,1998.08
    216页;32开.-(教育心理学丛书)
    
    
    ISBN 7-81027-975-0:CNY9.50
    
●
相关链接 在E读中查询图书 在五车中查询图书 在当当中查询图书 在豆瓣中查询图书


正题名:英语教育心理学     索取号:G447/75         预约/预借

序号 登录号 条形码 馆藏地/架位号 状态 备注
1 0292240   002922403   第四借阅区/ [索取号:G447/75] 在馆    
2 0292241   002922412   第四借阅区/ [索取号:G447/75] 在馆    
3 0292242   002922421   第四借阅区/ [索取号:G447/75] 在馆    
4 0292243   002922430   第四借阅区/ [索取号:G447/75] 在馆    
5 0292244   002922449   第一样本阅览室/ [索取号:G447/75] 在馆    
唐山师范学院图书馆 欢迎您!
大连网信软件有限公司© 版权所有